Zwölf Briefe des Ambrogio Traversari

Saved in:  
Bibliographic Details
Main Author: Bertalot, Ludwig 1884-1960 (Author)
Format: Electronic Article
Language:German
Check availability: HBZ Gateway
Interlibrary Loan:Interlibrary Loan for the Fachinformationsdienste (Specialized Information Services in Germany)
Published: 1915
In: Römische Quartalschrift für christliche Altertumskunde und Kirchengeschichte
Year: 1915, Volume: 29, Issue: 2, Pages: 91-106
IxTheo Classification:KAF Church history 1300-1500; late Middle Ages
Online Access: Volltext (kostenfrei)
Parallel Edition:Non-electronic

MARC

LEADER 00000naa a22000002c 4500
001 1902007336
003 DE-627
005 20240905145336.0
007 cr uuu---uuuuu
008 240905s1915 xx |||||o 00| ||ger c
024 7 |a 10.60962/rq.v29i2.89058  |2 doi 
035 |a (DE-627)1902007336 
035 |a (DE-599)KXP1902007336 
040 |a DE-627  |b ger  |c DE-627  |e rda 
041 |a ger 
084 |a 1  |2 ssgn 
100 1 |e VerfasserIn  |0 (DE-588)116148683  |0 (DE-627)077670272  |0 (DE-576)29030914X  |4 aut  |a Bertalot, Ludwig  |d 1884-1960 
109 |a Bertalot, Ludwig 1884-1960  |a Bertalot, Ludovicus 1884-1960 
245 1 0 |a Zwölf Briefe des Ambrogio Traversari  |c Ludwig Bertalot 
264 1 |c 1915 
336 |a Text  |b txt  |2 rdacontent 
337 |a Computermedien  |b c  |2 rdamedia 
338 |a Online-Ressource  |b cr  |2 rdacarrier 
506 |a [DE-21]Open Access  |e Controlled Vocabulary for Access Rights  |u http://purl.org/coar/access_right/c_abf2 
533 |a Reproduktion  |d 2023  |7 |2023|||||||||| 
540 |a [DE-21]Urheberrechtsschutz 1.0  |2 rs  |u https://rightsstatements.org/page/InC/1.0/?language=en 
652 |a KAF 
773 0 8 |i Enthalten in  |t Römische Quartalschrift für christliche Altertumskunde und Kirchengeschichte  |d Rom : Herder, 1887  |g 29(1915), 2, Seite 91-106  |w (DE-627)1839368225  |w (DE-600)3154262-1  |7 nnas 
773 1 8 |g volume:29  |g year:1915  |g number:2  |g pages:91-106 
776 0 8 |i Elektronische Reproduktion von  |a Bertalot, Ludwig, 1884 - 1960  |t Zwölf Briefe des Ambrogio Traversari  |d 1915  |w (DE-627)1013262271  |k Non-Electronic 
856 4 0 |u https://doi.org/10.60962/rq.v29i2.89058  |x Digitalisierung  |z kostenfrei  |3 Volltext  |7 0 
935 |a DTH5  |a mteo 
951 |a AR 
ELC |a 1 
ITA |a 1  |t 1 
LOK |0 000 xxxxxcx a22 zn 4500 
LOK |0 001 4576615246 
LOK |0 003 DE-627 
LOK |0 004 1902007336 
LOK |0 005 20240905145336 
LOK |0 008 240905||||||||||||||||ger||||||| 
LOK |0 040   |a DE-Tue135  |c DE-627  |d DE-Tue135 
LOK |0 092   |o n 
LOK |0 852   |a DE-Tue135 
LOK |0 852 1  |9 00 
LOK |0 935   |a ixzs 
LOK |0 936ln  |0 1442044535  |a KAF 
LOK |0 939   |a 05-09-24  |b l01 
OAS |a 1 
ORI |a SA-MARC-ixtheoa001.raw